Deutsche Darts WM Teilnehmer 2026 - Statistiken

Allgemein
  • Dieses Quiz wurde 184 mal gespielt
  • Das Durchschnittsergebnis liegt bei 7 aus 8
Antwortstatistiken
Antwort % Korrekt
Martin Schindler
99%
Gabriel Clemens
95%
Max Hopp
85%
Niko Springer
84%
Ricardo Pietreczko
84%
Arno Merk
82%
Lukas Wenig
76%
Dominik Grüllich
65%
Keine übereinstimmenden Quizze gefunden
Verteilung der Resultate
Anzahl Personen mit jedem Resultat
Perzentil nach korrekt beantworteten Fragen
Ihre Resultats-Entwicklung
Sie haben dieses Quiz noch nicht gespielt